00650nam a2200169 a 450000100100000000500170001000800410002704000250006808200150009310000300010824501080013826000740024630000200032004900090034095201140034999900170046300002849420200930054956.0110408s1998 dr 000 0 spa d aDO-SdBNPbspacBNPHU axxxbM843i1 aMoreno, Guillermo,93110810aIndependencia del poder judicial :btareas urgente de la Suprema Corte de Justicia /cGuillermo Moreno. a[Santo Domingo] :bEdición Gaceta Judicial,c[1998]fEditora Búho a24 p. ;c14 cm. aBNPD 00107-18PDaPDbPDcOId2011-04-08iLF1l0oxxx M843ip28494-10r2020-06-25w2020-06-25yLFPDZNo se presta c27986d27986